000 00943cam a2200229 4500
001 WB3715-07
008 000000n2001 000 0 eng u
035 _a(Sirsi) u112045
245 _aHigh street revival falters
260 _c2001
490 _aGuardian
_v 17 April 2001, 21
490 _aDaily Telegraph
_v 17 April 2001, 25(1)
520 _aGovernment attempts to revive the high street have had little effect so far as traditional retailers are forced out by rising rents and tough trading conditions; they are being replaced by businesses in high-margin sectors, such as mobile phones, coffee bars or fast food restaurants.
590 _aWB
650 _aHIGH STREET RETAILERS
650 _aPROPERTY-COMMERCIAL PROPERTY-RETAIL PROPERTY-RETAIL PROPERTY MARKET
650 _aRETAILERS
650 _aPROPERTY MARKET
650 _aHIGH STREET SHOPPING
690 _aPROPERTY-COMMERCIAL PROPERTY-RETAIL PROPERTY
942 _n0
999 _c66733
_d66733